[Event "Montreal-A 5th"]
[Site "Montreal"]
[Date "2004.08.08"]
[Round "5"]
[White "Rozentalis, Eduardas"]
[Black "Lagno, Kateryna"]
[Result "1/2-1/2"]
[WhiteElo "2619"]
[BlackElo "2472"]
[Annotator "Erenburg,S"]
[PlyCount "92"]
[EventDate "2004.08.04"]
[EventType "tourn"]
[EventRounds "11"]
[EventCountry "CAN"]
[EventCategory "12"]
[SourceTitle "CBM 103"]
[Source "ChessBase"]
[SourceDate "2004.11.11"]
[SourceVersion "1"]
[SourceVersionDate "2004.11.11"]
[SourceQuality "1"]

1. e4 d6 2. d4 Nf6 3. Nc3 g6 4. g3 Bg7 5. Bg2 O-O 6. Nge2 c6 {preparing b7-b5.
Other options are:} (6... e5 {0-1 Pavasovic,D-Berkes,F/Zalaegerszeg 2004/
[Erenburg] (49)}) (6... c5 7. dxc5 dxc5 8. Qxd8 Rxd8 9. Be3 Na6 10. h3 Ne8 11.
Nd5 Kf8 12. O-O-O Bd7 13. Bg5 f6 14. Bd2 Bc6 15. Nef4 Kf7 16. Rhe1 e6 17. Nc3
Nd6 $10 {Abdelnabi,I-Speelman,J,Luzern tt 1989-CBM 16}) (6... Nbd7 {1/2-1/2
Gurevich,D-Gulko,B/Buenos Aires 2003/CBM 97_01/[Erenburg] (63)}) (6... Na6 $5 {
[%cal Yc7c5] 0-1 Pavasovic,D-Azmaiparashvili,Z/Istanbul 2003/CBM96_01/
[Erenburg] (51)}) 7. O-O e5 8. h3 {covering the g4 square, thus, preparing the
occupation of the e3 square by the dark-squared bishop. The alternative is to
prevent black's b7-b5 with} (8. a4 {1/2-1/2 Gagunashvili,M-Nijboer,F/Groningen
2003/CBM 99/[Erenburg] (42)}) 8... b5 9. a3 {preventing b5-b4. White tried also
} (9. Be3 {0-1 Pavasovic,D-Gagunashvili,M/Wijk aan Zee 2004/CBM 99/[Erenburg] 
(35)}) 9... Nbd7 ({Also possible:} 9... Bb7 {0-1 Kallio,H-Marin,M/Gothenburg
2000/CBM 76/[Finkel,A] (37)}) 10. dxe5 $146 {I wouldn't recommend white to
hurry with the capture on e5, as black gets the c5 square. Usually, white
takes on e5, being concerned of black's capture on d4. However, in this
particular case, black cannot do it, due to damaged pawn structure on the
queenside. In the previous games white tried the following continuations, but
didn't get anything special:} (10. Be3 Re8 11. Qd2 Bb7 12. Rad1 a5 13. dxe5
dxe5 14. g4 Nf8 15. Qxd8 Rexd8 16. Nc1 Ne6 17. Nb3 Nd7 18. Rd2 a4 19. Nc1 Nd4
$11 {1/2-1/2 Schmittdiel,E-Tal,M/Germany 1989/GER-chT (51)}) (10. d5 cxd5 11.
Nxd5 Bb7 12. Nec3 Nxd5 13. Nxd5 Nb6 14. Nxb6 Qxb6 {1/2-1/2 Prelevic,D-Popchev,
M/Belgrade 2001/EXT 2002 (14)}) (10. Re1 a6 11. Kh2 Bb7 12. Be3 Re8 13. f3 Qc7
14. Qd2 Rad8 15. Rad1 exd4 16. Nxd4 c5 17. Nde2 Ne5 18. Qc1 d5 $15 {1-0
Gonzalez,R-Nyback,T/Internet ICC 2002/EXT 2003 (73)}) 10... dxe5 11. Be3 Qe7 {
taking control over the c5 square.} 12. Nc1 {White doesn't intend to give up
on c5 square, therefore, he transfers the knight to b3 or to d3.} Nc5 13. Nd3
$1 {In this way white prevents from black to play Ne6 and forces black to take
on d3, that will open the "c" file for the white's heavy pieces.} (13. b4 {
plays in black's hands, as it helps him to bring the knight ot d4.} Ne6 14. Nd3
Rd8 {[%cal Ye6d4]}) (13. Nb3 Ne6 $1) 13... Nxd3 (13... Ne6 $2 14. Nxe5 $16) 14.
cxd3 $1 {[%cal Yd1c2,Ga1c1,Yc2c6]} (14. Qxd3 Be6 {and black's position is
absolutely OK.}) 14... a5 {preventing from white b2-b4.} 15. Qc2 (15. Rc1 {
deserved attention.}) 15... Be6 16. Ne2 Qd7 17. Kh2 $6 {missing more
attractive continuation:} (17. f4 $1 Bxh3 (17... exf4 18. Nxf4 $14) 18. fxe5
Ng4 19. Bxh3 Nxe3 20. Bxd7 Nxc2 21. Rac1 $16) 17... Rfd8 18. Rad1 {White keeps
the kingside rook on the "f" file to carry out the breakthrough f2-f4.} a4 {
fixing the white's queenside pawns, and, at the same time, threatening with
Bb3.} 19. Rd2 c5 $1 {Black has to get some counterplay on the queenside, as
white has quite a simple plan of developing initiative on the kingside.} 20. f4
({In case of} 20. Qxc5 {black gets the draw:} Rdc8 21. Qb6 Rcb8 (21... Bf8 22.
Rc1) 22. Qc5 Rc8 $11) 20... exf4 21. Nxf4 {White activates the knight.} (21.
gxf4 Rac8 $15) 21... Rac8 22. Rdf2 Bb3 23. Qb1 Qe7 24. Bd2 $1 {preparing the
occupation of long diagonal by dark-squared bishop with following e4-e5.} Rf8
$6 {allowing white some tactical resource.} ({Better was} 24... Re8 25. Bc3 Nd7
$1 {and black's position isn't worse for sure!}) 25. d4 $1 Nd7 (25... cxd4 $2
26. Bb4 $14) 26. dxc5 Bd4 27. c6 $1 {Otherwise, white loses the exchange:} (27.
Re2 Bc4) (27. Rf3 Ne5) 27... Rxc6 (27... Bxf2 $2 28. cxd7 $16) 28. Bb4 Bc5 29.
Nd5 Qd8 30. Rd2 {White has some activity, thanks to well-located pieces.} Bxb4
31. Nxb4 Rc7 32. Nd5 Qg5 $1 ({After} 32... Bxd5 33. Rxd5 {white is slightly
better, due to the black's weaknesses on the queenside. For instance:} (33.
exd5 Nb6) 33... Qe8 34. Rxb5 Nc5 35. Rb4 Qe5 $14) 33. Qe1 {protecting the rook,
and, centralizing the queen.} ({White cannot win material after} 33. Nxc7 Qxd2
34. Nxb5 Nc5 $1 $11 {[%cal Yc5d3] with following Nd3.}) 33... Rcc8 34. h4 {
preparing the h3-c8 diagonal for the light-squared bishop.} (34. Qf2 Ne5 35.
Qf4 Qxf4 36. gxf4 Nc4 $11) 34... Qe5 35. Bh3 Bxd5 $1 {Black is going for force
variation, which was calculated carefully.} 36. Rxd5 (36. Bxd7 {is met by} Bc4
$1 $15) (36. exd5 Qd6 $11) 36... Qxb2+ 37. Rf2 Rc2 38. Rdd2 (38. Rxc2 Qxc2+ 39.
Rd2 Ne5 40. Rxc2 Nf3+ 41. Kh1 Nxe1 42. Rc3 {-see the game.}) {[%tqu "En",
"Please enter the best move for black.","","","d7e5","",10]} 38... Ne5 $1 {
Thanks to this tactical resource, black doesn't lose the knight.} 39. Rxc2 Qxc2
40. Rxc2 Nf3+ 41. Kh1 Nxe1 42. Rc3 $1 {cutting the knight.} b4 ({The same is} 
42... Rb8 {with following b5-b4.}) 43. axb4 Rb8 44. Kg1 Rxb4 45. Kf2 a3 ({
Black could try to win after} 45... Rxe4 46. Bf1 a3 47. Rxa3 (47. Be2 Ra4 $17)
47... Nc2 48. Ra8+ Kg7 49. Bd3 Rd4 $15 {But, of course, this position is
theoretical draw... And such a great expert in endgames like Rozentalis would
make draw very easily.}) 46. Rxa3 Nc2 ({Worse is} 46... Rxe4 47. Rc3 $14)
1/2-1/2

[Event "EU-Cup 18th"]
[Site "Kallithea"]
[Date "2002.09.27"]
[Round "6.3"]
[White "Malakhov, Vladimir"]
[Black "Damljanovic, Branko"]
[Result "1/2-1/2"]
[WhiteElo "2668"]
[BlackElo "2535"]
[Annotator "Erenburg,S"]
[PlyCount "123"]
[EventDate "2002.09.22"]
[EventType "team-swiss"]
[EventRounds "7"]
[EventCountry "GRE"]
[SourceTitle "CBM 092"]
[Source "ChessBase"]
[SourceDate "2003.02.06"]
[SourceVersion "1"]
[SourceVersionDate "2003.02.06"]
[SourceQuality "1"]
[WhiteTeam "Norilsk Nikel"]
[BlackTeam "Skopje Kisela Voda"]
[WhiteTeamCountry "RUS"]
[BlackTeamCountry "MKD"]

1. e4 d6 2. d4 Nf6 3. Nc3 e5 {In this variation black offers an exchange of
queens, and go for the endgame type position.} 4. dxe5 (4. Nf3 Nbd7 {
transforming to Philidor defence.}) 4... dxe5 5. Qxd8+ Kxd8 6. Bg5 c6 {This
move is a rare one.} ({The main line is} 6... Be6) 7. O-O-O+ ({White didn't
succeed to achieve the advantage after} 7. Bc4 Ke8 8. Nge2 Nbd7 9. O-O Be7 10.
Bd2 b5 11. Bb3 Nc5 $11 {1-0 Czebe,A-Barbero,G/Budapest 2000/CBM 79 ext (40)})
7... Nbd7 ({Black hadn't have some serious problems after} 7... Ke8 8. f3 Be6
9. Nge2 Nbd7 10. Kb1 b5 11. Ng3 g6 12. Be2 Bc5 $11 {0-1 Martin del Campo,
R-Georgiev,V/XV Carlos Torre, Merida MEX 2002 (49)}) 8. Nf3 $146 Ke8 9. Bh4 {
[%csl Yf2]} Bc5 {After bishop goes to c7, the black king takes a position on
e7.} (9... Bb4 {deserved attention}) 10. Bc4 {[%cal Yd1d2,Yh1d1]} (10. Bg3 {
was an interesting option.}) 10... Bb6 11. Rd2 Bc7 12. Rhd1 {On the first view
, white has the advantage, but it is only optical one. White is keeping the
control on the "d"-file, but he can not use this fact, because he hasn't
squares of intrusion. So both sides aspire to improve pieces' position,
therefore both of opponents begin with manouevres.} Ke7 (12... h6 $6 {[%tqu
"En","Please find the strongest move for white.","","","h4f6","",10]} 13. Bxf6
$1 Nxf6 (13... gxf6 $2 {[%tqu "En","Please find a tactical strike for white.",
"","","c4f7","",10]} 14. Bxf7+ $1 Kxf7 15. Rxd7+ $18) 14. Nxe5 Be6 15. Bxe6
Bxe5 16. Bd7+) 13. a3 {Preparing b2-b4, also in case of 13...b5 white has the
retreat Ba2.} h6 14. b4 Re8 {Black enters his pieces to the game.} (14... b5 $4
{[%tqu "En","Please enter a move for white.","","","c4b5","",10]} 15. Bxb5 $1
cxb5 16. Nd5+ Kd8 17. Nxf6 gxf6 18. Bxf6+) 15. Ne1 {[%cal Ye1d3,Yf2f3,Yh4f2]
White supposes that sooner or later black will move the knight from d7 to open
his bishop on c8, so white will have possibility to penetrate the c5 square
with the knight.} Nb6 16. Bb3 g5 17. Bg3 Nh5 {[%csl Rg3][%cal Yh5f4]} 18. Nd3
f6 19. Nc5 Rd8 {Of course, it is profitable for black to change as many pieces
as possible.} 20. Rxd8 Bxd8 21. f3 a5 ({In case of} 21... Nxg3 $2 22. hxg3 {
[%csl Rh6][%cal Gd1h1,Gh1h6] black's pawn on h6 will be very weak.}) 22. Bf2 {
[%cal Gb4b5] White has two main threats: a)to play b4-b5; b) to play 23.g4 Nf4
24.h4, opening the h-file for the rook.} (22. b5 $6 {was dubious to play} Nxg3
23. hxg3 Bc7 {[%csl Ra3,Rc5][%cal Gc7d6,Gd6a3]}) 22... axb4 23. axb4 Ra1+ {
Certainly, white aspires to centralize his king, so if the black introduces
his rook to a1, sooner or later white will play Kb2, moving away from the
center.} (23... Bc7 $5) 24. Nb1 Nf4 25. g3 Nh3 $1 {[%csl Gh3][%cal Yh2h4] It
is interesting decision to introduce the knight to h3, preventing h2-h4.} 26.
Be3 Bc7 27. Kb2 Ra8 28. Nc3 {[%csl Rh3][%cal Yc3e2,Ye2g1] As we can see black
pieces haven't enough space, but while white doesn't open the game, black is
OK. The black knight on h3 hinders white's plans. White hasn't another way to
send away it, except of changing it.} h5 29. Ne2 Rb8 {[%csl Yb7,Gc8][%cal
Yc8h3]} 30. Ng1 {After this move black gets possibility to play g5-g4 and to
solve his problem- lack of space. On the other hand it isn't easy to recommend
a good move for white to improve his position.} Nxg1 31. Bxg1 g4 $1 32. fxg4
Bxg4 {[%cal Yb6c8,Yc8d6]} 33. Re1 Nc8 34. Na4 Nd6 35. c4 {[%cal Ya4c3]} Ra8 36.
Bc5 {[%cal Yc5e7]} (36. Nc3 Be6 37. Bc5 b6) 36... Ke8 (36... Be6 $142) 37. Nc3
Nf7 {[%cal Yc7d8,Yd8e7]} ({The mistake was to play} 37... Be6 $6 38. Bxd6 Bxd6
39. c5 Bxb3 40. Kxb3 $14 {[%csl Gc3,Rd6]}) (37... Bh3 $5 {[%csl Rf1][%cal
Ge1f1] deserved attention.}) 38. Rf1 Bd8 39. Be3 {[%cal Yc4c5,Yb3g8]} Be7 40.
c5 Nd8 (40... Ng5 $5 {was an interesting alternative.} 41. Bxg5 $2 fxg5 42. Rf7
Rd8) 41. Rh1 $1 {[%csl Rh5][%cal Gh2h3,Gb3d1]} b6 {Black tries to get
counterplay- to attack white pawns on the king side.} 42. h3 Be6 43. cxb6 Bxb4
44. Na4 {[%cal Ga4c5]} ({White achieves nothing after} 44. g4 Bxc3+ (44... hxg4
$2 45. Bxe6 Nxe6 46. hxg4 {[%cal Gh1h8]}) 45. Kxc3 Ra3 46. Rb1 hxg4 47. hxg4
Nb7 48. Kb4 Rxb3+ 49. Rxb3 c5+ 50. Kc3 Bxb3 51. Kxb3 Kd7 $11) (44. Bd1 {
black would parry with simple} Bf7) 44... Ra5 45. Kc2 {[%csl Gb6][%cal Yh1b1]
White is intending to play Rb1 to support his passed pawn b6.} Bxb3+ 46. Kxb3
Rb5 47. Kc2 Nb7 {[%csl Re4][%cal Gb7d6]} 48. g4 hxg4 (48... Ra5 $5 49. Nb2 Bc5
$13) 49. hxg4 Nd6 50. Rh8+ (50. Kd3 $5) 50... Kd7 51. Rh7+ Ke6 52. Rc7 (52. Kd3
$5) 52... Nxe4 53. Rxc6+ Kd5 54. Rc7 Nd6 {Preventing b6-b7, also black
sometimes can attack the pawn b6 with Nc4, Ba5.} 55. Bf2 ({White didn't
achieve anything after} 55. Nc3+ Bxc3 56. Kxc3 Ne4+) 55... Ne4 56. Be3 Bd6 (
56... Nd6 {enough as well for a draw.}) 57. Rg7 Ra5 58. Ra7 Rb5 59. Rf7 Rb4 60.
Nc3+ ({After} 60. Ra7 {black had a draw:} Rb5 $11 ({Of course not} 60... Nc5 $4
61. Bxc5 Bxc5 62. Ra5 $18)) 60... Nxc3 61. Kxc3 Rxg4 62. Rxf6 1/2-1/2

[Event "Varazdin GM"]
[Site "Varazdin"]
[Date "2003.11.29"]
[Round "9"]
[White "Topalovic, Zlatko"]
[Black "Kazakov, Mikhail"]
[Result "1-0"]
[WhiteElo "2514"]
[BlackElo "2457"]
[Annotator "Erenburg,S"]
[PlyCount "71"]
[EventDate "2003.11.24"]
[EventType "tourn"]
[EventRounds "10"]
[EventCountry "CRO"]
[EventCategory "10"]
[SourceTitle "CBM 099"]
[Source "ChessBase"]
[SourceDate "2004.03.30"]
[SourceVersion "1"]
[SourceVersionDate "2004.03.30"]
[SourceQuality "1"]

1. e4 d6 2. d4 Nf6 3. Nc3 g6 4. Be3 c6 5. Qd2 {Another way to fight for an
advantage is} (5. h3 $5 {0-1 Sveshnikov,E-Ibragimov,I/Bled 1996/[Erenburg] (46)
}) 5... Qb6 {Dubious continuation, when white has already played Qd2.} (5... b5
{0-1 Volokitin,A-Beliavsky,A/Portoroz 2001/CBM 85/[Finkel,A] (54)}) 6. h3 {
Probably white was sure, that black cannot capture the b2 pawn.} (6. O-O-O {
seems much more logical.} Na6 (6... Ng4 7. Bg5 f6 8. Bh4 Bh6 9. f4 $16) 7. f3
Qc7 8. h4 h5 9. Nh3 b5 10. Nf4 b4 11. Nce2 e6 12. Kb1 $16 {1-0 Nowarra,
W-Petrova Kalmukova,M/Halle 1974/EXT 98 (43)}) 6... Qxb2 $146 {This move is
played for the first time. It is more principle, than} (6... Bg7 $6 {1-0
Alekseev,E-Kozakov,M/Halkidiki 2002/CBM 92/[Erenburg] (47)}) 7. Rb1 Qa3 8. e5
$1 {White has to play quickly, as black needs only 2-3 tempos to complete the
development.} dxe5 $6 {Black shouldn't open a long diagonal .} ({Better was} 
8... Nfd7 9. Nf3 (9. f4 $5) 9... dxe5 (9... Bg7 10. Rb3 Qa5 11. exd6 O-O (11...
e6 12. Bd3) (11... exd6 12. Ne4 Qxd2+ 13. Bxd2 Ke7 14. Bf4 $16) 12. dxe7 Re8
13. Ne4 $18) 10. dxe5 Bg7 11. Bd4 O-O (11... Nc5 $5) 12. e6 Bxd4 13. Qxd4 (13.
Nxd4 Nb6) 13... fxe6 14. Bc4 Nf6 15. Qe3 $44) 9. dxe5 Nfd7 10. e6 $1 {[%mdl 64]
After black opened the long diagonal, he faces some serious problems.} (10. Bd4
e6 (10... Nc5)) 10... fxe6 11. Nb5 $1 {[%mdl 64]} (11. Rb3 Qa5) 11... Qxa2 (
11... cxb5 {is a possible alternative. But, white has a strong initiative,
thanks to an activity of his pieces:} 12. Rb3 Qxa2 13. Qc3 Nc5 $1 14. Bxc5 Rg8
15. Bxb5+ Bd7 16. Nf3 $36) 12. Rd1 cxb5 (12... Na6 {is refuted by} 13. Qc3 e5
14. Bc4 Qa4 15. Ra1 Qb4 16. Nc7+ Kd8 17. Qxb4 Nxb4 18. Ne6+ $1 Ke8 19. Kd1 $1
$16 {winning an exchange.}) 13. Qc3 Nc6 (13... Bg7 14. Qxg7 Rf8 15. Qxh7 $16)
14. Qxh8 (14. Ra1 $2 b4) 14... Nb4 $1 15. Bd3 Nxc2+ (15... Qa5 16. Rd2 $16) 16.
Bxc2 Qxc2 17. Nf3 b6 18. Ng5 $6 {White didn't complete the development yet,
but continues to play aggressively. I think it was good idea to secure his
monarch firstly, and only afterware to continue the attack.} ({Stronger was} 
18. O-O Bb7 19. Rxd7 (19. Ng5 h6 $17) (19. Rd2 Qf5 20. Nd4 (20. Rfd1 Bxf3 21.
gxf3 Ne5 $19) 20... Qe4 21. Nf3 Qf5 $11) 19... Kxd7 20. Ne5+ Ke8 21. Bh6 Qf5
22. Bxf8 Qxf8 23. Qxh7 $40) 18... Bb7 19. Qg8 $1 (19. O-O h6 20. Nxe6 Qc6 21.
Nf4 g5 $132) (19. Qxh7 Qc3+ 20. Kf1 Ne5 $13) 19... Qc3+ $1 {Due to an
inaccuracy on the 18-th move, now it isn't so clear either king is located
worse...} (19... Ne5 20. O-O $18) 20. Kf1 Qg7 21. Qxe6 Nf6 $4 {loses on the
spot.} ({Black had to play} 21... Rd8 $1 22. Qb3 (22. Ke2 Qf6 23. Qa2 Bxg2 24.
Rhg1 Bc6 $17) (22. Qa2 Qf6 23. Ne6 (23. Kg1 $5) 23... Rc8 24. Nxf8 (24. Bd4 Qf5
) 24... Nxf8 25. Qxa7 Qc6 26. f3 Qc4+ 27. Ke1 Qh4+ 28. Bf2 Qb4+ 29. Kf1 Qa4 30.
Qxa4 bxa4 31. Bxb6 Rc2 $15) 22... Qf6 23. Kg1 $1 $40) 22. Qb3 $3 $18 {[%cal
Gg5e6,Gb3b5][%mdl 128] Black definitely overlooked this move.} Rc8 (22... Bc8
23. Bf4 $1 $18 {[%cal Gb3f3,Gg5e6]}) 23. Qxb5+ Bc6 24. Qa6 Bd7 25. Rxd7 $1 {
[%mdl 128] Very strong move. Black hasn't enough pieces to defend his monarch
from powerful white's combination of Q+N.} Kxd7 26. Qxa7+ Ke8 (26... Rc7 27.
Qa4+ $18) 27. Qb7 $1 {[%mdl 128] Now white drives away black rook from the
8-th rank, thus, leaving black king without defenders...} Rc2 (27... Rd8 {
loses as well.} 28. Ne6 Qg8 (28... Rd1+ 29. Ke2 Rxh1 30. Ng5 $3 $18) 29. Nxd8
$18) 28. Qa8+ Kd7 29. Qa4+ Rc6 30. Nf3 $1 {[%mdl 128] Now the knight is
joining to an attack from another side.} Kc7 (30... Nd5 31. Bd4 $18) 31. Qa7+
Kc8 (31... Kd6 {loses as well:} 32. Bf4+ e5 (32... Ke6 33. Ng5+ Kf5 34. Qa4 $18
) 33. Bxe5+ Ke6 34. Qa2+ Kd7 35. Nd4 $1 $18) 32. Ne5 {Black has four pieces on
the board, but they are located so passive, that he hasn't any chance to parry
white's attack.} Re6 33. Qa6+ Kc7 (33... Kb8 34. Bxb6 $18) 34. Qc4+ Kd6 35.
Qc6+ Kxe5 36. f4+ (36. f4+ Kf5 37. Qb5+ Nd5 (37... Ke4 38. Ke2 {[%cal Gb5d3]}
Rd6 39. Qe5#) 38. Qxd5+ Kf6 39. Bd4+ $18) 1-0

[Event "EU-Cup 18th"]
[Site "Kallithea"]
[Date "2002.09.22"]
[Round "1.2"]
[White "Dreev, Alexey"]
[Black "Saldano Dayer, Horacio"]
[Result "1-0"]
[WhiteElo "2676"]
[BlackElo "2414"]
[Annotator "Erenburg,S"]
[PlyCount "61"]
[EventDate "2002.09.22"]
[EventType "team-swiss"]
[EventRounds "7"]
[EventCountry "GRE"]
[SourceTitle "CBM 092"]
[Source "ChessBase"]
[SourceDate "2003.02.06"]
[SourceVersion "1"]
[SourceVersionDate "2003.02.06"]
[SourceQuality "1"]
[WhiteTeam "Norilsk Nikel"]
[BlackTeam "Reverte Albox"]
[WhiteTeamCountry "RUS"]
[BlackTeamCountry "ESP"]

1. d4 d6 2. e4 Nf6 3. f3 c5 4. d5 e6 {Black tries immediately to attack the
center that white is building in the opening.} (4... g6 {0-1 Sadler,M-Tkachiev,
V/Enghien les Bains 1999/CBM 70/[Tsesarsky] (44)}) 5. c4 b5 {Very typical
detriment.} 6. dxe6 ({After} 6. Nc3 {black would react with} b4 {[%csl Rc3,Rd5]
and white knight wouldn't be able to get the important square d5.}) (6. cxb5 $5
) 6... Bxe6 $6 {According to my database, this game is the second one, where
black chooses this move, which I wouldn't recommend. Probably black saw the
below-mentioned game Dreev-Azmaiparashvili , was satisfied by the result of
that game and decided to replay the very same opening.} (6... fxe6 $5 7. e5 (7.
cxb5 d5 $13 {0-1 Gelfand,B-Azmaiparashvili,Z/FIDE WCh KO, Moscow RUS (4.4)
2001 (41)}) 7... Nh5 8. Be3 Nc6 $13 {1/2-1/2 Agrest,E-Leski,M/Nice op;EXT 2001}
) 7. Nc3 $1 $146 {[%cal Gc3d5][%mdl 8] A strong improvement in comparison to} (
7. cxb5 $6 d5 8. Nc3 d4 9. Nce2 Bd6 10. Bf4 Be7 11. Bd2 Bd6 12. Bf4 Be7 {
1/2-1/2 Dreev,A-Azmaiparashvili/RUS vs. ROW, Moscow RUS}) 7... b4 ({In case of
} 7... bxc4 8. Bxc4 Bxc4 9. Qa4+ {all light squares will be under white's
control.} Nc6 (9... Nbd7 10. Qxc4) 10. Qxc6+ Nd7 11. b3 Rc8 12. Qa4 $16) 8. Nd5
Bxd5 {Black always takes the white knight with the bishop in such positions.
Otherwise:} (8... Nxd5 9. cxd5 {Black's bishop is out of the game.}) 9. cxd5 g6
{[%cal Gf8g7]} 10. a3 $1 {opening the a-line for the white rook.} Bg7 (10...
bxa3 11. Rxa3 $16) 11. axb4 O-O (11... cxb4 12. Bd3 (12. Qa4+ $5) 12... O-O {
-Main line}) 12. Bd3 {Dreev chooses more safe option: he prefers the
positional advantage to material one with some counterchances for black.} (12.
bxc5 Nh5 {[%csl Yg7][%cal Gd8h4]} (12... dxc5 13. Qc2 Re8 14. Bb5 {[%cal Gg1e2]
completing the development.}) (12... Nxe4 13. fxe4 Qh4+ 14. Kd2 Qxe4 15. Qf3
$18 Qb4+ 16. Kc2 {[%cal Gc2b1] and white's king will be safe.}) 13. Qc2 dxc5
$44) 12... cxb4 {[%cal Yd8b6,Yb6g1]} 13. Nh3 {with following Nf2 and castle.}
Qb6 14. Nf2 a5 15. O-O $14 {White has completed the development and can be
satisfied with the position. He has a pair of bishops and strong center.} Nbd7
{[%cal Gd7c5]} ({In my opinion, relatively better was} 15... Nfd7 $5 {with
following transfer of the knight to c5.}) 16. Qe2 $1 {[%cal Gc1e3,Yd3b5,Yb5c6]}
Nc5 17. Be3 Nfd7 (17... a4 18. Bb5 a3 19. Bc6) 18. Bb5 Qd8 19. Bc6 Rb8 {
[%cal Gf7f5]} 20. f4 $1 {While doesn't give any counterplay for black.} Nb3 $6
{[%cal Gb3d4] Black knight is going nowhere.} (20... f5 21. e5 $1 Nb3 22. Rad1
dxe5 23. fxe5 Nxe5 24. Qc2 {[%csl Rb3]}) (20... Qe7 $142 $5 {saving reasonable
position.}) 21. Rad1 {taking control over d4 square.} Ndc5 $2 {Now knight on
b3 hasn't any square to go back.} ({More resistant was} 21... Nbc5) 22. Qc2 $1
$16 {The black Nb3 is in trouble, also white threats to play e4-e5.} a4 (22...
Rc8 23. e5 $1) 23. Bxa4 Nxa4 24. Qxb3 Nxb2 25. Rd4 $1 $18 {[%csl Rb2,Gg7]} (25.
Rd2 Ra8 26. Bd4 Na4 {and black has more chances, than in the game.}) (25. Rb1
Ra8 26. Bd2 Na4 {and black is still in the game.}) 25... Qa5 (25... f5 26. Qxb2
$18) 26. Qxb2 {The rest is a matter of technic.} b3 27. e5 Rfe8 28. Rd2 dxe5
29. fxe5 Rb5 30. Ne4 Rxd5 31. Qxb3 1-0